000 00560nam a2200217Ia 4500
003 OSt
005 20220928145102.0
006 a|||||r|||| 00| 0
007 ta
008 220927b |||||||| |||| 00| 0 eng d
024 _a78610
037 _cTextual
040 _aSDCL
_cSDCL
_beng
041 _2eng
_aeng
082 _aX:243'N01, K2
100 _aChhabra G S
_9511526
245 0 _aSocial and economic history of the Punjab,1849-1901.
260 _c1962
942 _hX:243'N01, K2
_cTEXL
_2CC
999 _c831818
_d831818